[Event "Landesliga Ost MV 2014-15"]
[Site "Mecklenburg-Vorpommern"]
[Date "2015.04.12"]
[Round "8.7"]
[White "Scheel, Manfred"]
[Black "Nickel, Udo"]
[Result "1/2-1/2"]
[WhiteElo "1501"]
[BlackElo "1703"]
[PlyCount "56"]
[EventType "team-tourn"]
[EventRounds "9"]
[EventCountry "GER"]
[SourceDate "2014.04.06"]
[WhiteTeam "SV Rugia Bergen"]
[BlackTeam "SV Waterkant Saal"]

1. e4 e6 2. Nf3 d5 3. exd5 exd5 4. d4 Bd6 5. Bg5 Nf6 6. Nc3 c6 7. Be2 O-O 8.
O-O Bg4 9. Ne5 Bxe2 10. Nxe2 Re8 11. Ng4 Nbd7 12. Ng3 Be7 13. Nf5 Nxg4 14.
Nxe7+ Rxe7 15. Bxe7 Qxe7 16. Qxg4 Nf6 17. Qh4 Qb4 18. b3 Qc3 19. Rac1 Re8 20.
f3 Re2 21. Qf4 h6 22. Qb8+ Kh7 23. Qxa7 Qd2 24. Qb8 Rxg2+ 25. Kh1 Rg6 26. Rg1
Qe3 27. Rcf1 Rxg1+ 28. Rxg1 Qxf3+ 1/2-1/2

[Event "Landesliga Ost MV 2014-15"]
[Site "Mecklenburg-Vorpommern"]
[Date "2015.04.12"]
[Round "8.8"]
[White "Hiltner, Harald"]
[Black "Steinbrecher, Marco"]
[Result "1/2-1/2"]
[WhiteElo "1513"]
[BlackElo "1394"]
[PlyCount "56"]
[EventType "team-tourn"]
[EventRounds "9"]
[EventCountry "GER"]
[SourceDate "2014.04.06"]
[WhiteTeam "SV Waterkant Saal"]
[BlackTeam "SV Rugia Bergen"]

1. e4 e6 2. Nf3 d5 3. exd5 exd5 4. d4 Bd6 5. Bg5 Nf6 6. Bd3 O-O 7. O-O h6 8.
Bh4 Bg4 9. Nbd2 Re8 10. Re1 Nbd7 11. Rxe8+ Qxe8 12. Qe1 Qe6 13. h3 Bh5 14. Qxe6
fxe6 15. Re1 Re8 16. Bxf6 gxf6 17. Nh4 Bf4 18. Ndf3 Bxf3 19. Nxf3 Kf7 20. Nh4
f5 21. g3 Bg5 22. Nf3 Bf6 23. Ne5+ Bxe5 24. dxe5 Rg8 25. Re3 Ke7 26. f4 Nc5 27.
Be2 Ne4 28. Kg2 c5 1/2-1/2

[Event "Landesliga Ost MV 2014-15"]
[Site "Mecklenburg-Vorpommern"]
[Date "2015.04.12"]
[Round "8.1"]
[White "Stoevesand, Eric"]
[Black "Reinke, Thomas"]
[Result "1/2-1/2"]
[WhiteElo "1944"]
[BlackElo "1883"]
[PlyCount "46"]
[EventType "team-tourn"]
[EventRounds "9"]
[EventCountry "GER"]
[SourceDate "2014.04.06"]
[WhiteTeam "SG Eintracht Neubrandenburg  "]
[BlackTeam "SV Motor Wolgast"]

1. e4 e6 2. d4 d5 3. Nc3 dxe4 4. Nxe4 Nd7 5. Nf3 Be7 6. Bd3 Ngf6 7. Nc3 c5 8.
Be3 a6 9. O-O Qc7 10. Be4 O-O 11. d5 Nxe4 12. Nxe4 exd5 13. Qxd5 Nb6 14. Qh5 g6
15. Qe5 Qxe5 16. Nxe5 Bf5 17. Nxc5 Nd5 18. Ned3 Nxe3 19. fxe3 Bxc5 20. Nxc5
Bxc2 21. Rac1 Bf5 22. e4 Bc8 23. Rfd1 Bg4 1/2-1/2

[Event "Landesliga Ost MV 2014-15"]
[Site "Mecklenburg-Vorpommern"]
[Date "2015.04.12"]
[Round "8.2"]
[White "Riebort, Frank"]
[Black "Stoevesand, Peter"]
[Result "1/2-1/2"]
[WhiteElo "1885"]
[BlackElo "1864"]
[PlyCount "33"]
[EventType "team-tourn"]
[EventRounds "9"]
[EventCountry "GER"]
[SourceDate "2014.04.06"]
[WhiteTeam "SV Motor Wolgast"]
[BlackTeam "SG Eintracht Neubrandenburg  "]

1. d4 d5 2. c4 e6 3. Nc3 Nf6 4. Bg5 Be7 5. Nf3 O-O 6. e3 Nbd7 7. Be2 b6 8. O-O
Bb7 9. Rc1 h6 10. Bh4 c5 11. cxd5 exd5 12. dxc5 bxc5 13. Qc2 Re8 14. Rfd1 Rc8
15. Qf5 Nb6 16. Bb5 Bc6 17. Bxc6 1/2-1/2

[Event "Landesliga Ost MV 2014-15"]
[Site "Mecklenburg-Vorpommern"]
[Date "2015.04.12"]
[Round "8.3"]
[White "Hartung, Lothar"]
[Black "Schubert, Volker"]
[Result "1/2-1/2"]
[WhiteElo "1791"]
[BlackElo "2059"]
[PlyCount "36"]
[EventType "team-tourn"]
[EventRounds "9"]
[EventCountry "GER"]
[SourceDate "2014.04.06"]
[WhiteTeam "SG Eintracht Neubrandenburg  "]
[BlackTeam "SV Motor Wolgast"]

1. d4 Nf6 2. c4 e6 3. Nc3 d5 4. Nf3 c6 5. e3 Nbd7 6. Bd2 Bd6 7. c5 Bc7 8. Bd3
e5 9. Be2 e4 10. Nh4 Nf8 11. g3 Ng6 12. Ng2 Be6 13. b4 b5 14. cxb6 axb6 15. O-O
O-O 16. f3 exf3 17. Bxf3 Qd6 18. Ne2 Ne4 1/2-1/2

[Event "Landesliga Ost MV 2014-15"]
[Site "Mecklenburg-Vorpommern"]
[Date "2015.04.12"]
[Round "8.4"]
[White "Rosin, Ralf"]
[Black "Pruesse, Horst"]
[Result "1/2-1/2"]
[WhiteElo "1727"]
[BlackElo "1994"]
[PlyCount "73"]
[EventType "team-tourn"]
[EventRounds "9"]
[EventCountry "GER"]
[SourceDate "2014.04.06"]
[WhiteTeam "SG Eintracht Neubrandenburg  "]
[BlackTeam "SV Motor Wolgast"]

1. d4 Nf6 2. Nf3 b6 3. c4 Bb7 4. Nc3 e6 5. Bg5 Bb4 6. Qb3 c5 7. a3 Bxc3+ 8.
Qxc3 h6 9. Bxf6 Qxf6 10. Rd1 O-O 11. d5 Qf5 12. Qd3 Qxd3 13. Rxd3 Ba6 14. Rc3
exd5 15. cxd5 Re8 16. e3 Bxf1 17. Kxf1 d6 18. g3 Nd7 19. Kg2 a5 20. Rd1 b5 21.
Rcd3 c4 22. Rd4 Rec8 23. Rc1 Nc5 24. Rc2 g6 25. Rd1 Nb3 26. Nd4 Nxd4 27. Rxd4
f5 28. h3 Rc5 29. f3 Rac8 30. e4 fxe4 31. fxe4 Rf8 32. Rdd2 b4 33. axb4 axb4
34. Rf2 c3 35. bxc3 Rxc3 36. Rxc3 bxc3 37. Rc2 1/2-1/2

[Event "Landesliga Ost MV 2014-15"]
[Site "Mecklenburg-Vorpommern"]
[Date "2015.04.12"]
[Round "8.5"]
[White "Rossmann, Andreas"]
[Black "Pochop, Bert"]
[Result "1-0"]
[WhiteElo "1941"]
[BlackElo "1804"]
[PlyCount "43"]
[EventType "team-tourn"]
[EventRounds "9"]
[EventCountry "GER"]
[SourceDate "2014.04.06"]
[WhiteTeam "SG Eintracht Neubrandenburg  "]
[BlackTeam "SV Motor Wolgast"]

1. Nf3 d5 2. d4 Nf6 3. g3 e6 4. Bg2 c5 5. c3 cxd4 6. cxd4 Nc6 7. O-O Be7 8. Nc3
O-O 9. Bf4 b6 10. Rc1 Bb7 11. Qa4 Na5 12. Ne5 Qe8 13. Qxe8 Raxe8 14. Rc2 Rc8
15. Rfc1 Ba6 16. Bf1 Nh5 17. Bd2 Rc7 18. Nxd5 Rb7 19. Nxe7+ Rxe7 20. Bxa5 bxa5
21. Nc6 Rd7 22. e3 1-0

[Event "Landesliga Ost MV 2014-15"]
[Site "Mecklenburg-Vorpommern"]
[Date "2015.04.12"]
[Round "8.6"]
[White "Schellner, Ulf"]
[Black "Kunow, Frank"]
[Result "0-1"]
[WhiteElo "1632"]
[BlackElo "1864"]
[PlyCount "76"]
[EventType "team-tourn"]
[EventRounds "9"]
[EventCountry "GER"]
[SourceDate "2014.04.06"]
[WhiteTeam "SV Motor Wolgast"]
[BlackTeam "SG Eintracht Neubrandenburg  "]

1. d4 Nf6 2. c4 e6 3. Nf3 b6 4. e3 Bb7 5. Be2 Ne4 6. Nbd2 f5 7. O-O Bd6 8. Ne5
Bxe5 9. dxe5 O-O 10. f3 Ng5 11. f4 Nf7 12. Nf3 c5 13. Bd2 Nc6 14. Bc3 Qe7 15.
Qc2 Rfd8 16. Rad1 d6 17. exd6 Rxd6 18. b3 Rad8 19. Rxd6 Nxd6 20. Rd1 Ne4 21.
Bb2 Nb4 22. Qb1 Rxd1+ 23. Qxd1 Nxa2 24. Qa1 Nb4 25. Qxa7 h6 26. Qxb6 Nc2 27.
Bc1 Nc3 28. Kf2 Ne4+ 29. Kf1 Nf6 30. Ne5 Kh7 31. h3 Ne4 32. g4 Qh4 33. Nd3
Qxh3+ 34. Kg1 Qg3+ 35. Kf1 Qh3+ 36. Kg1 Nxe3 37. Bxe3 Qxe3+ 38. Kf1 Ng3+ 0-1

[Event "Landesliga Ost MV 2014-15"]
[Site "Mecklenburg-Vorpommern"]
[Date "2015.04.12"]
[Round "8.7"]
[White "Baier, Karsten"]
[Black "Klotzsche, Stefan"]
[Result "0-1"]
[WhiteElo "1860"]
[BlackElo "1707"]
[PlyCount "62"]
[EventType "team-tourn"]
[EventRounds "9"]
[EventCountry "GER"]
[SourceDate "2014.04.06"]
[WhiteTeam "SG Eintracht Neubrandenburg  "]
[BlackTeam "SV Motor Wolgast"]

1. d4 e6 2. c4 f5 3. g3 Nf6 4. Bg2 Be7 5. Nf3 c6 6. Nc3 d5 7. cxd5 exd5 8. Qc2
O-O 9. Bf4 Ne4 10. Ne5 Nd7 11. f3 Nxc3 12. bxc3 Nxe5 13. Bxe5 a5 14. a4 Bd6 15.
f4 Bxe5 16. dxe5 Be6 17. e3 Qb6 18. Kf2 Qc5 19. Rhb1 b5 20. axb5 cxb5 21. Qd3
b4 22. cxb4 axb4 23. Qb3 Rxa1 24. Rxa1 Rc8 25. Ra2 Kf7 26. Qd3 Qc4 27. Rd2 Qxd3
28. Rxd3 Rc2+ 29. Kf1 d4 30. Rxd4 b3 31. Rb4 b2 0-1

[Event "Landesliga Ost MV 2014-15"]
[Site "Mecklenburg-Vorpommern"]
[Date "2015.04.12"]
[Round "8.8"]
[White "Macherius, Uwe"]
[Black "Winkler, Karl"]
[Result "1-0"]
[WhiteElo "1636"]
[BlackElo "1811"]
[PlyCount "73"]
[EventType "team-tourn"]
[EventRounds "9"]
[EventCountry "GER"]
[SourceDate "2014.04.06"]
[WhiteTeam "SV Motor Wolgast"]
[BlackTeam "SG Eintracht Neubrandenburg  "]

1. e4 e5 2. Nf3 Nc6 3. Bc4 Nd4 4. c3 Nxf3+ 5. Qxf3 Qf6 6. d4 Qxf3 7. gxf3 exd4
8. cxd4 d6 9. Nc3 c6 10. a4 Bd7 11. Be3 f5 12. d5 Nf6 13. Rg1 g6 14. O-O-O c5
15. Rge1 O-O-O 16. Bg5 Bg7 17. exf5 Rde8 18. fxg6 hxg6 19. Rxe8+ Nxe8 20. h4
Rf8 21. f4 Nf6 22. Bd3 Bf5 23. Bxf5+ gxf5 24. f3 a6 25. Re1 Re8 26. Re6 Rxe6
27. dxe6 d5 28. Bxf6 Bxf6 29. Nxd5 Bxh4 30. Ne3 Bg3 31. Nxf5 Bxf4+ 32. Kc2 Kc7
33. Kd3 b5 34. axb5 axb5 35. b3 Kc6 36. Ke4 Bd6 37. e7 1-0

[Event "Landesliga Ost MV 2014-15"]
[Site "Mecklenburg-Vorpommern"]
[Date "2015.04.12"]
[Round "8.1"]
[White "Hagenlueke, Thomas"]
[Black "Luethke, Hans Eckart"]
[Result "1/2-1/2"]
[WhiteElo "1940"]
[BlackElo "2121"]
[PlyCount "110"]
[EventType "team-tourn"]
[EventRounds "9"]
[EventCountry "GER"]
[SourceDate "2014.04.06"]
[WhiteTeam "Greifswalder SV  II"]
[BlackTeam "SSC Graal-Mueritz"]

1. d4 Nf6 2. c4 e6 3. Nc3 Bb4 4. Qc2 c5 5. dxc5 Nc6 6. a3 Bxc5 7. Nf3 a6 8. Bf4
Nh5 9. Bg3 Nxg3 10. hxg3 h6 11. e3 Qc7 12. g4 b6 13. g5 Ne5 14. Nxe5 Qxe5 15.
Qe4 Qxe4 16. Nxe4 Bb7 17. Nxc5 bxc5 18. gxh6 Rxh6 19. Rxh6 gxh6 20. g3 a5 21.
O-O-O Bf3 22. Rd2 Ke7 23. Be2 Bc6 24. Rd1 Rh8 25. Rg1 f5 26. Bf1 Rg8 27. Bg2
Bxg2 28. Rxg2 Rg5 29. b3 a4 30. Kb2 axb3 31. Kxb3 d5 32. cxd5 exd5 33. Rh2 Rg6
34. Rh4 Rb6+ 35. Kc2 c4 36. Rh5 Rf6 37. Rh1 Ra6 38. Kb2 Rb6+ 39. Kc2 Ra6 40.
Kb2 Kf7 41. a4 Rxa4 42. Rxh6 Ke7 43. Rg6 Ra5 44. Rh6 Ra8 45. Rb6 Rh8 46. Kc3
Rh2 47. Kd4 Rxf2 48. Kxd5 c3 49. Rc6 c2 50. Ke5 Kd7 51. Rc4 Ke7 52. e4 fxe4 53.
Kxe4 Kd6 54. Kd3 Rg2 55. Rxc2 Rxg3+ 1/2-1/2

[Event "Landesliga Ost MV 2014-15"]
[Site "Mecklenburg-Vorpommern"]
[Date "2015.04.12"]
[Round "8.2"]
[White "Van Bentum, Horst"]
[Black "Schwahn, Christian"]
[Result "0-1"]
[WhiteElo "2013"]
[BlackElo "1947"]
[PlyCount "62"]
[EventType "team-tourn"]
[EventRounds "9"]
[EventCountry "GER"]
[SourceDate "2014.04.06"]
[WhiteTeam "SSC Graal-Mueritz"]
[BlackTeam "Greifswalder SV  II"]

1. e4 c5 2. Nc3 d6 3. f4 Nc6 4. Nf3 g6 5. Bc4 Bg7 6. d3 e6 7. O-O Nge7 8. Qe1
O-O 9. a3 d5 10. Bb3 Nd4 11. Nxd4 cxd4 12. Nd1 dxe4 13. Qxe4 Rb8 14. Bd2 a5 15.
Nf2 b6 16. Qe2 Nf5 17. Ne4 Bb7 18. Ng5 Bd5 19. Bxd5 exd5 20. Rfe1 Re8 21. Qxe8+
Qxe8 22. Rxe8+ Rxe8 23. Kf1 Rc8 24. Rc1 Bf8 25. c3 dxc3 26. Rxc3 Rxc3 27. Bxc3
Ne3+ 28. Kg1 Nd1 29. a4 Bc5+ 30. Kf1 Ne3+ 31. Kf2 d4 0-1

[Event "Landesliga Ost MV 2014-15"]
[Site "Mecklenburg-Vorpommern"]
[Date "2015.04.12"]
[Round "8.3"]
[White "Nauschuetz, Ernst"]
[Black "Schumann, Lutz"]
[Result "1-0"]
[WhiteElo "1818"]
[BlackElo "1735"]
[PlyCount "179"]
[EventType "team-tourn"]
[EventRounds "9"]
[EventCountry "GER"]
[SourceDate "2014.04.06"]
[WhiteTeam "Greifswalder SV  II"]
[BlackTeam "SSC Graal-Mueritz"]

1. c4 Nf6 2. g3 g6 3. Bg2 Bg7 4. Nc3 O-O 5. e4 d6 6. Nge2 e5 7. O-O Be6 8. d3
Qd7 9. Nd5 Ne8 10. Bg5 f6 11. Be3 c6 12. Ndc3 Na6 13. Qd2 Nac7 14. Rad1 f5 15.
b3 Nf6 16. exf5 gxf5 17. d4 Qf7 18. Bg5 Qh5 19. f4 e4 20. h3 d5 21. c5 h6 22.
Bh4 Bd7 23. Rb1 Ne6 24. b4 Qe8 25. Nd1 Kh7 26. Ne3 Rg8 27. Nxf5 Qf8 28. Nxg7
Qxg7 29. f5 Ng5 30. Kh2 Rae8 31. Qe3 Re7 32. Bxg5 hxg5 33. g4 Qh6 34. Kg1 Rh8
35. Qg3 Kg7 36. Nc3 Kf7 37. Rfe1 Qg7 38. Qe3 Qh6 39. Qe2 Qg7 40. Red1 Qf8 41.
b5 Qb8 42. Qe3 Rg8 43. bxc6 Bxc6 44. Nb5 Bxb5 45. Rxb5 Rg7 46. Rdb1 Kg8 47. a4
Qc8 48. a5 Kh7 49. Bf1 Qc6 50. R5b4 Kg8 51. R1b2 Kh7 52. Ra2 Ne8 53. Bb5 Qc7
54. Bxe8 Rxe8 55. a6 Rb8 56. Rab2 b6 57. cxb6 axb6 58. Rf2 Qd6 59. Rb1 Qf6 60.
Qb3 Qxd4 61. Rd1 Qc4 62. Qa2 Qxa2 63. Rxa2 Rd7 64. Rd4 Ra8 65. Kf2 Kg7 66. Ke3
Kf6 67. Rb4 Rd6 68. Kd4 Ra7 69. Rb5 Rc6 70. Rxd5 b5 71. Rxb5 Raxa6 72. Rxa6
Rxa6 73. Kxe4 Ra3 74. Rb6+ Kf7 75. Rg6 Rxh3 76. Rxg5 Rh1 77. Rg6 Re1+ 78. Kf4
Rf1+ 79. Kg5 Ra1 80. Rb6 Ra5 81. Rb7+ Kg8 82. Kg6 Ra8 83. f6 Rc8 84. g5 Kh8 85.
Kh6 Rf8 86. g6 Rd8 87. Rh7+ Kg8 88. f7+ Kf8 89. Rh8+ Ke7 90. Rxd8 1-0

[Event "Landesliga Ost MV 2014-15"]
[Site "Mecklenburg-Vorpommern"]
[Date "2015.04.12"]
[Round "8.4"]
[White "Micheel, Peter"]
[Black "Fasold, Gunnar"]
[Result "1/2-1/2"]
[WhiteElo "1721"]
[BlackElo "1575"]
[PlyCount "42"]
[EventType "team-tourn"]
[EventRounds "9"]
[EventCountry "GER"]
[SourceDate "2014.04.06"]
[WhiteTeam "SSC Graal-Mueritz"]
[BlackTeam "Greifswalder SV  II"]

1. e4 e6 2. d4 d5 3. Nc3 Nf6 4. Bg5 Be7 5. e5 Nfd7 6. Bxe7 Qxe7 7. f4 a6 8. Qg4
f5 9. Qh5+ Qf7 10. Qxf7+ Kxf7 11. Nf3 c5 12. O-O-O Nc6 13. g3 b5 14. Bh3 cxd4
15. Nxd4 Nxd4 16. Rxd4 Nc5 17. Bg2 Bb7 18. h3 Bc6 19. g4 g6 20. Bf3 Rag8 21.
Re1 Ke7 1/2-1/2

[Event "Landesliga Ost MV 2014-15"]
[Site "Mecklenburg-Vorpommern"]
[Date "2015.04.12"]
[Round "8.5"]
[White "Zimmermann, Bernd"]
[Black "Hausmann, Ulli"]
[Result "1/2-1/2"]
[WhiteElo "1637"]
[BlackElo "1623"]
[PlyCount "23"]
[EventType "team-tourn"]
[EventRounds "9"]
[EventCountry "GER"]
[SourceDate "2014.04.06"]
[WhiteTeam "Greifswalder SV  II"]
[BlackTeam "SSC Graal-Mueritz"]

1. e4 d6 2. d4 e6 3. Nf3 Nc6 4. Be2 Nf6 5. Bg5 Be7 6. Nbd2 h6 7. Bxf6 Bxf6 8.
c3 Bd7 9. Qc2 e5 10. dxe5 Nxe5 11. Nxe5 Bxe5 12. Nf3 1/2-1/2

[Event "Landesliga Ost MV 2014-15"]
[Site "Mecklenburg-Vorpommern"]
[Date "2015.04.12"]
[Round "8.6"]
[White "Rath, Wolfgang"]
[Black "Kriese, Ralf"]
[Result "0-1"]
[WhiteElo "1607"]
[BlackElo "1656"]
[PlyCount "63"]
[EventType "team-tourn"]
[EventRounds "9"]
[EventCountry "GER"]
[SourceDate "2014.04.06"]
[WhiteTeam "SSC Graal-Mueritz"]
[BlackTeam "Greifswalder SV  II"]

1. e4 e6 2. d4 d5 3. exd5 exd5 4. Bd3 Bd6 5. Nf3 Bg4 6. O-O Ne7 7. Be3 Nd7 8.
Nbd2 c6 9. c3 Qc7 10. a4 Bxh2+ 11. Kh1 Bd6 12. a5 Bh5 13. b4 O-O 14. Rg1 h6 15.
Qc2 Bg6 16. g4 Bf4 17. Rae1 Rae8 18. Nh4 Bxd3 19. Qxd3 g5 20. Nf5 Nxf5 21. Qxf5
Bxe3 22. fxe3 Re6 23. Ref1 Rf6 24. Qd3 Rxf1 25. Nxf1 Nf6 26. Qf5 Ne4 27. Rg2
Qd6 28. Rh2 Kg7 29. Kg2 Qe6 30. Ng3 Nxg3 31. Qxe6 fxe6 32. Kxg3 0-1

[Event "Landesliga Ost MV 2014-15"]
[Site "Mecklenburg-Vorpommern"]
[Date "2015.04.12"]
[Round "8.7"]
[White "Motullo, Jens"]
[Black "Duerlich, Michael"]
[Result "1-0"]
[WhiteElo "1617"]
[BlackElo "1672"]
[PlyCount "38"]
[EventType "team-tourn"]
[EventRounds "9"]
[EventCountry "GER"]
[SourceDate "2014.04.06"]
[WhiteTeam "Greifswalder SV  II"]
[BlackTeam "SSC Graal-Mueritz"]

1. e4 c6 2. Bc4 e6 3. Nf3 b5 4. Bb3 Nf6 5. e5 Nd5 6. O-O Bb7 7. d4 Be7 8. c3
Nb6 9. Bc2 d5 10. exd6 Qxd6 11. Nbd2 f5 12. Ne5 g6 13. Ndf3 N8d7 14. Bf4 Qd5
15. Re1 Rg8 16. Bb3 Nc4 17. Qe2 Nf8 18. Nxc4 bxc4 19. Bxc4 Qe4 1-0

[Event "Landesliga Ost MV 2014-15"]
[Site "Mecklenburg-Vorpommern"]
[Date "2015.04.12"]
[Round "8.8"]
[White "Scholz, Gerhard"]
[Black "Lichtnau, Ulrike"]
[Result "1-0"]
[WhiteElo "1457"]
[BlackElo "1467"]
[PlyCount "83"]
[EventType "team-tourn"]
[EventRounds "9"]
[EventCountry "GER"]
[SourceDate "2014.04.06"]
[WhiteTeam "SSC Graal-Mueritz"]
[BlackTeam "Greifswalder SV  II"]

1. e4 e5 2. Nf3 Nc6 3. Bb5 a6 4. Bxc6 dxc6 5. Nxe5 Qd4 6. Nf3 Qxe4+ 7. Qe2
Qxe2+ 8. Kxe2 Bd6 9. Re1 Ne7 10. d3 h6 11. h3 O-O 12. Nc3 Nd5 13. Kf1 Bd7 14.
Bd2 Rfe8 15. a3 Rxe1+ 16. Rxe1 Re8 17. Rxe8+ Bxe8 18. Ne4 b5 19. c4 Ne7 20. c5
f5 21. cxd6 fxe4 22. dxe7 exf3 23. gxf3 Kf7 24. Bb4 Ke6 25. d4 Kd5 26. Bc5 Kc4
27. Ke2 Kb3 28. f4 Kxb2 29. Ke3 Kb3 30. Ke4 a5 31. d5 cxd5+ 32. Kxd5 b4 33.
axb4 axb4 34. f5 Kc3 35. Bd4+ Kc2 36. Bxg7 b3 37. Ke6 c5 38. Kd5 c4 39. Kxc4
Bf7+ 40. Kc5 b2 41. Bxb2 Kxb2 42. Kd6 1-0

[Event "Landesliga Ost MV 2014-15"]
[Site "Mecklenburg-Vorpommern"]
[Date "2015.04.26"]
[Round "9.1"]
[White "Bigalke, Steffen"]
[Black "Stork, Michael"]
[Result "0-1"]
[WhiteElo "1795"]
[BlackElo "2038"]
[PlyCount "70"]
[EventType "team-tourn"]
[EventRounds "9"]
[EventCountry "GER"]
[SourceDate "2014.04.06"]
[WhiteTeam "SAV Torgelow-Droegeheide 90  II"]
[BlackTeam "ESV Waren"]

1. e4 c5 2. Nc3 Nc6 3. f4 g6 4. Bb5 Bg7 5. Bxc6 bxc6 6. Nf3 Ba6 7. d3 Rb8 8.
O-O d6 9. f5 Nf6 10. Nh4 O-O 11. g4 Nd7 12. g5 Qb6 13. Na4 Qa5 14. c4 Bd4+ 15.
Kh1 d5 16. Bd2 Qd8 17. Qc2 Nb6 18. Nxb6 Qxb6 19. Rab1 Qd8 20. b3 Qd6 21. Bf4
Be5 22. Bxe5 Qxe5 23. Nf3 Qf4 24. Rbe1 Rbd8 25. Qg2 dxe4 26. dxe4 Bc8 27. Qh3
Rd3 28. Kg2 gxf5 29. Qh5 fxe4 30. Nh4 Rd2+ 31. Re2 Rxe2+ 32. Qxe2 Qxh4 33. Qe3
Rd8 34. Rf2 Rd3 35. Qxc5 Bh3+ 0-1

[Event "Landesliga Ost MV 2014-15"]
[Site "Mecklenburg-Vorpommern"]
[Date "2015.04.26"]
[Round "9.2"]
[White "Schumacher, Albrecht"]
[Black "Otto, Martin"]
[Result "1-0"]
[WhiteElo "1950"]
[BlackElo "1828"]
[PlyCount "53"]
[EventType "team-tourn"]
[EventRounds "9"]
[EventCountry "GER"]
[SourceDate "2014.04.06"]
[WhiteTeam "ESV Waren"]
[BlackTeam "SAV Torgelow-Droegeheide 90  II"]

1. d4 Nf6 2. c4 e5 3. dxe5 Ng4 4. Nf3 Nc6 5. e3 Bb4+ 6. Bd2 Bxd2+ 7. Qxd2 Ngxe5
8. Nxe5 Nxe5 9. Be2 d6 10. O-O Be6 11. f4 Nc6 12. Nc3 f5 13. e4 Qd7 14. exf5
Bxf5 15. Bh5+ g6 16. Rae1+ Kf7 17. Bf3 Rae8 18. Ne4 h6 19. h3 Qd8 20. g4 Bxe4
21. Bxe4 Qf6 22. f5 g5 23. Bxc6 bxc6 24. Re6 Qg7 25. Rfe1 c5 26. f6 Qg6 27. Qd5
1-0

[Event "Landesliga Ost MV 2014-15"]
[Site "Mecklenburg-Vorpommern"]
[Date "2015.04.26"]
[Round "9.3"]
[White "Kilp, Andreas"]
[Black "Schreiner, Wolfgang"]
[Result "1-0"]
[WhiteElo "1632"]
[BlackElo "1830"]
[PlyCount "87"]
[EventType "team-tourn"]
[EventRounds "9"]
[EventCountry "GER"]
[SourceDate "2014.04.06"]
[WhiteTeam "SAV Torgelow-Droegeheide 90  II"]
[BlackTeam "ESV Waren"]

1. e4 c5 2. Nf3 e6 3. d4 cxd4 4. Nxd4 a6 5. Be2 Qc7 6. O-O Nf6 7. Bf3 Nc6 8.
Re1 d6 9. Nc3 Be7 10. Bg5 Bd7 11. Qd2 Ne5 12. Be2 h6 13. Bf4 Rc8 14. Bxe5 dxe5
15. Nf3 Bb4 16. Bd3 Qa5 17. Rab1 Rxc3 18. bxc3 Bxc3 19. Qe3 Bxe1 20. Rxb7 Bxf2+
21. Qxf2 O-O 22. h3 Qxa2 23. Qb6 Bb5 24. Bxb5 axb5 25. Qxb5 Qxc2 26. Nxe5 Qxe4
27. Rb8 Qd4+ 28. Kh1 Qd6 29. Rb7 Qd5 30. Qb2 Nh5 31. Rb8 Rd8 32. Rxd8+ Qxd8 33.
Qb7 Qf6 34. Qc8+ Kh7 35. Nd7 Qf1+ 36. Kh2 g5 37. Nf8+ Kg7 38. Nd7 Qf4+ 39. Kg1
Qd6 40. Qc3+ f6 41. Qc8 Nf4 42. Qb7 Kg6 43. Qc8 Qd5 44. Qe8+ 1-0

[Event "Landesliga Ost MV 2014-15"]
[Site "Mecklenburg-Vorpommern"]
[Date "2015.04.26"]
[Round "9.5"]
[White "Schmidt, Paul"]
[Black "Dohnow, Thomas"]
[Result "0-1"]
[WhiteElo "1451"]
[BlackElo "1747"]
[PlyCount "58"]
[EventType "team-tourn"]
[EventRounds "9"]
[EventCountry "GER"]
[SourceDate "2014.04.06"]
[WhiteTeam "SAV Torgelow-Droegeheide 90  II"]
[BlackTeam "ESV Waren"]

1. e4 c5 2. d4 cxd4 3. c3 dxc3 4. Nxc3 Nc6 5. Nf3 d6 6. Bc4 h6 7. O-O Nf6 8.
Qe2 Bg4 9. Rd1 a6 10. Bf4 e5 11. Be3 Be7 12. h3 Bh5 13. g4 Bg6 14. Nh4 Bxe4 15.
Nxe4 Nxe4 16. Qf3 Nf6 17. Nf5 O-O 18. Nxh6+ gxh6 19. Bxh6 Nd4 20. Rxd4 exd4 21.
Qf5 Kh8 22. g5 Qd7 23. Qf3 Nh7 24. Bxf8 Rxf8 25. Qh5 Qf5 26. h4 d5 27. Bb3 Rg8
28. Kh1 Bxg5 29. Rg1 Qh3# 0-1

[Event "Landesliga Ost MV 2014-15"]
[Site "Mecklenburg-Vorpommern"]
[Date "2015.04.26"]
[Round "9.6"]
[White "Lotz, Robert"]
[Black "Schmekel, Matthias"]
[Result "1-0"]
[WhiteElo "1712"]
[BlackElo "1425"]
[PlyCount "119"]
[EventType "team-tourn"]
[EventRounds "9"]
[EventCountry "GER"]
[SourceDate "2014.04.06"]
[WhiteTeam "ESV Waren"]
[BlackTeam "SAV Torgelow-Droegeheide 90  II"]

1. e4 c5 2. Nf3 Nf6 3. Nc3 a6 4. e5 Ng8 5. d4 cxd4 6. Nxd4 g6 7. Be3 Bg7 8. f4
d6 9. Nf3 Nh6 10. h3 O-O 11. Bd3 Nc6 12. exd6 Qxd6 13. Qd2 Nf5 14. Bxf5 Qxd2+
15. Bxd2 Bxf5 16. O-O-O Nb4 17. Ne1 Rac8 18. a3 Nc6 19. g4 Be6 20. Nf3 b5 21.
Ng5 Bd7 22. Be3 Rfd8 23. Bb6 b4 24. axb4 Nxb4 25. Bxd8 Rxd8 26. Na4 h6 27. Ne4
Rc8 28. Rxd7 Rxc2+ 29. Kb1 Rc4 30. Nac3 f5 31. gxf5 gxf5 32. Nd2 Rxf4 33. Rxe7
Kf8 34. Rb7 Rd4 35. Nf3 Rf4 36. Rf1 Nd3 37. Nh2 Nf2 38. Nd5 Rd4 39. Rc1 Rd1 40.
Rxd1 Nxd1 41. Kc2 Nxb2 42. Rxb2 Bxb2 43. Kxb2 Kf7 44. Nf4 Kf6 45. Nf3 Kg7 46.
Kb3 Kf6 47. Ka4 Kf7 48. Ka5 Kf6 49. Kxa6 Ke7 50. Kb6 Kd6 51. Kb5 Kd7 52. Kc5
Ke7 53. Kd5 Kf6 54. Kd6 Kg7 55. Ke6 Kh7 56. Kxf5 Kg7 57. Nh5+ Kh7 58. Kf6 Kg8
59. Kg6 Kh8 60. Kxh6 1-0

[Event "Landesliga Ost MV 2014-15"]
[Site "Mecklenburg-Vorpommern"]
[Date "2015.04.26"]
[Round "9.7"]
[White "Bollnow, Alex"]
[Black "Mayerhoff, Lothar"]
[Result "0-1"]
[WhiteElo "1406"]
[BlackElo "1560"]
[PlyCount "46"]
[EventType "team-tourn"]
[EventRounds "9"]
[EventCountry "GER"]
[SourceDate "2014.04.06"]
[WhiteTeam "SAV Torgelow-Droegeheide 90  II"]
[BlackTeam "ESV Waren"]

1. e4 c5 2. Nf3 a6 3. a4 d6 4. d4 cxd4 5. Nxd4 e5 6. Nf3 Bg4 7. h3 Be6 8. Nc3
Nf6 9. Ng5 Be7 10. Nxe6 fxe6 11. Bc4 Qd7 12. Be3 Nc6 13. Qd2 Rc8 14. a5 Nb4 15.
Bb3 d5 16. Ba4 Nc6 17. exd5 exd5 18. Bb6 Bb4 19. Qe3 d4 20. Bxd4 Qxd4 21. O-O
Qxe3 22. fxe3 Bxc3 23. bxc3 Ke7 0-1